All 500M+ Songs By Drake - Statistics

General Stats
  • This quiz has been taken 56 times
  • The average score is 37 of 64
Answer Stats
No. Album Song Streams % Correct
5 Views Hotline Bling 1,531,436,174
100%
1 Views One Dance 3,832,875,428
100%
3 More Life Passionfruit 2,004,795,615
97%
2 Scorpion God's Plan 2,892,064,099
94%
13 Honestly, Nevermind Jimmy Cooks (feat. 21 Savage) 1,234,804,752
89%
7 Scorpion In My Feelings 1,482,423,413
86%
4 ANTI (Rihanna) Work 1,596,916,514
83%
28 Take Care Headlines 937,118,011
81%
38 Take Care Take Care 747,338,779
81%
16 Nothing Was The Same Hold On, We're Going Home 1,204,469,908
78%
8 Scorpion Nice For What 1,420,208,125
78%
18 Dark Lane Demo Tapes Toosie Slide 1,161,503,760
78%
51 More Life Do Not Disturb 575,902,034
75%
9 High Off Life (Future) Life Is Good (feat. Drake) 1,389,395,732
72%
27 Her Loss Rich Flex 945,119,669
72%
23 Certifed Lover Boy Fair Trade (with Travis Scott) 1,026,726,341
69%
6 - (Bad Bunny) MIA (feat. Drake) 1,484,897,875
69%
29 Dark Lane Demo Tapes Chicago Freestyle (feat. Giveon) 924,917,603
67%
40 Take Care Marvins Room 716,161,917
67%
43 good kid, m.A.A.d city(Kendrick Lamar) Poetic Justice 680,092,823
67%
17 I NEVER LIKED YOU (Future) WAIT FOR U (feat. Drake & Tems) 1,176,525,700
67%
32 What A Time To Be Alive Jumpman 870,413,355
64%
12 Scorpion Nonstop 1,248,714,473
64%
46 More Life Portland 631,624,551
64%
36 So Far Gone Best I Ever Had 789,274,463
61%
58 If You're Reading This It's Too Late Energy 551,469,851
61%
25 More Life Teenage Fever 960,532,092
61%
45 Certifed Lover Boy Way 2 Sexy (with Future & Young Thug) 639,277,065
61%
39 Relapse: Refill (Eminem) Forever 722,694,648
58%
52 Certifed Lover Boy Girls Want Girls (with Lil Baby) 573,175,143
58%
10 Championships (Meek Mill) Going Bad (feat. Drake) 1,320,198,337
58%
49 For All The Dogs Rich Baby Daddy (feat. Sexyy Red & SZA) 606,610,153
58%
62 Tha Carter IV (Lil Wayne) She Will 527,383,986
58%
26 LONG.LIVE.A$AP (A$AP Rocky) F**kin' Problems (feat. Drake, 2 Chainz & Kendrick Lamar) 955,162,188
56%
33 Certifed Lover Boy Knife Talk (with 21 Savage ft. Project Pat) 853,250,820
56%
14 I Am Not A Human Being II(Lil Wayne) Love Me 1,233,754,281
56%
56 Nothing Was The Same Started From the Bottom 556,027,803
56%
44 Take Care The Motto 650,053,004
56%
30 Scary Hours 2 Wants and Needs (feat. Lil Baby) 923,713,743
56%
11 Harder That Ever (Lil Baby) Yes Indeed 1,260,673,870
56%
64 Views Feel No Ways 516,818,098
53%
22 Simi (BlocBoy JB) Look Alive (feat. Drake) 1,032,173,378
53%
19 Views Too Good 1,143,585,931
53%
53 For All The Dogs IDGAF (feat. Yeat) 563,587,829
50%
20 - Laugh Now Cry Later (feat. Lil Durk) 1,090,100,150
50%
21 - Money In The Grave (Drake ft. Rick Ross) 1,074,986,229
50%
48 KHALED KHALED (DJ Khaled) GREECE (feat. Drake) 617,859,083
47%
15 Indigo (Chris Brown) No Guidance (feat. Drake) 1,223,969,629
47%
57 Care Package Trust Issues 551,597,157
47%
24 More Life Fake Love 1,023,216,694
44%
61 Rise Of An Empire (Young Money) Trophies 531,794,975
44%
31 Views Controlla 894,867,609
42%
55 Nothing Was The Same From Time 560,857,894
42%
42 Loud (Rihanna) What's My Name? 688,750,076
39%
59 Scorpion Don’t Matter To Me (with Michael Jackson) 547,741,768
36%
37 KHALED KHALED (DJ Khaled) POPSTAR (feat. Drake) 771,156,463
36%
34 Culture III (Migos) Walk It Talk It 848,562,998
36%
54 Exis (Roy Woods) Drama (feat. Drake) 563,317,547
33%
47 The Pinkprint (Nicki Minaj) Only 618,155,064
33%
41 PARTYNEXTDOOR 3 (P3)[PARTYNEXTDOOR] Come and See Me (feat. Drake) 709,175,117
31%
60 Certifed Lover Boy Yebba's Heartbreak 533,548,152
31%
35 Last Day Of Summer (Summer Walker) Girls Need Love (with Drake) - Remix 805,378,214
28%
50 Fórmula, Vol.2 (Romeo Santos) Odio (feat. Drake) 576,865,203
17%
63 - 0 To 100 / The Catch Up 522,969,234
14%
No matching quizzes found
Score Distribution
Percent of People with Each Score
Percentile by Number Answered
Your Score History
You have not taken this quiz